Mutants : eleven stories of science fiction /

Bibliographic Details
Main Author: Silverberg, Robert
Format: Book
Language:English
Published: Nashville : T. Nelson, [1974]
Edition:[Book Club ed.].
Subjects:

MARC

Tag First Indicator Second Indicator Subfields
LEADER 00000cam a2200000 i 4500
001 in00000048529
005 20151007073514.0
008 790118s1974 tnu 00011 eng d
035 |a (OCoLC)04561969 
035 |9 AAE9845AM 
040 |a BTS  |c BTS  |d TXA  |d UtOrBLW 
049 |a TXAS  |c 1 [1700213], 2 [1700214] 
090 |a PZ5.S596  |b Mu 1974a 
100 1 |a Silverberg, Robert. 
245 1 0 |a Mutants :  |b eleven stories of science fiction /  |c edited by Robert Silverberg. 
250 |a [Book Club ed.]. 
264 1 |a Nashville :  |b T. Nelson,  |c [1974] 
264 4 |c ©1974 
300 |a x, 182 pages ;  |c 22 cm. 
336 |a text  |b txt  |2 rdacontent 
337 |a unmediated  |b n  |2 rdamedia 
338 |a volume  |b nc  |2 rdacarrier 
500 |a Edition statement taken from dust jacket. 
505 0 |a Anderson, P. and Waldrop, F. N. Tomorrow's children.--Bixby, J. It's a good life.--Ackerman, F. J. The mute question.--Pohl, F. Let the ants try.--Clifton, M. The conqueror.--Farley, R. M. Liquid life.--Aldiss, B. W. Hothouse.--Carr, T. Ozymandias.--Silverberg, R. The man who never forgot.--Lafferty, R. A. Ginny wrapped in the sun.--Blish, J. Watershed. 
650 0 |a Science fiction. 
999 |a MARS 
999 f f |s b2578f94-e0c8-3762-b1f4-aa4ea11ece98  |i ebd1abf2-b39c-3802-ac05-5b84d4c7d1f8  |t 0 
952 f f |p noncirc  |a Texas A&M University  |b College Station  |c Cushing Memorial Library & Archives  |d Cushing: Science Fiction (Does not check out)  |t 0  |e PZ5.S596 Mu 1974a  |h Library of Congress classification  |i unmediated -- volume  |m A14800453098 
998 f f |a PZ5.S596 Mu 1974a  |t 0  |l Cushing: Science Fiction (Does not check out)